Vista normal
Vista MARC
- Capacidad jurídica y discapacidad
Entrada Materia
Número de registros utilizados en: 2
001 - NÚMERO DE CONTROL
- campo de control: 192
003 - IDENTIFICADOR DEL NÚMERO DE CONTROL
- campo de control: ES-MaFIAP
005 - FECHA Y HORA DE LA ÚLTIMA TRANSACCIÓN
- campo de control: 20220916130836.0
008 - DATOS DE LONGITUD FIJA
- campo de control de longitud fija: 220916|| aca||aabn | a|a d
040 ## - FUENTE DE LA CATALOGACIÓN
- Centro catalogador/agencia de origen: ES-MaFIAP
- Centro/agencia transcriptor: ES-MaFIAP
150 ## - ENCABEZAMIENTO--TÉRMINO DE MATERIA
- Término de materia o nombre geográfico como elemento de entrada: Capacidad jurídica y discapacidad
670 ## - FUENTE DE DATOS ENCONTRADOS
- Cita de la fuente: Work cat.: (ES-MaFIAP)63: Palacios, Agustina XX4443506 190, La discapacidad como una cuestión de derechos humanos [Texto impreso] :, 2007





